| 000 | 00719nam a2200217 u 4500 | ||
|---|---|---|---|
| 001 | 000020371 | ||
| 005 | 20240412074249.0 | ||
| 008 | 100813s2015 dr 000 j spa d | ||
| 020 | _a9789945589740 | ||
| 040 |
_aDO-SdBNP _bspa _cBNPHU |
||
| 082 |
_aRD863.5 _bR621a |
||
| 100 | 1 |
_aRivera Cedeño, Ernesto, _d1934- _943032 |
|
| 245 | 1 | 3 |
_aEl árbol que no daba frutos / _cErnesto Rivera Cedeño. |
| 260 |
_aSanto Domingo : _bSantuario, _c2015. |
||
| 300 |
_a65 p. ; _c23 cm. |
||
| 500 | _aIncluye datos biográficos del autor en la solapa de la cubierta | ||
| 590 | _aInventariado, 2019/BT | ||
| 650 | 0 |
_aCuentos dominicanos _9176 |
|
| 650 | 0 |
_aLiteratura dominicana. _967 |
|
| 910 | _aValidado. Control de calidad MFF | ||
| 999 |
_c19875 _d19875 |
||